Представление документа в формате MARC21

Поле Инд. ПП Название Значение
Тип записи a
Библиографический уровень b
001 Контрольный номер RU/IS/BASE/264553404
005 Дата корректировки 20200522190620.3
008 Кодируемые данные 19960614
084 a Индекс другой классификации/Индекс ББК 65.59(051); 65.9(051)-94
097 00 a 750
100 10 a Автор Сафронов В.
245 00 a Заглавие Интеграция и стратегические цели социально-экономического развития стран СНГ
650 a Основная рубрика внешнеэкономическая деятельность
a Основная рубрика мировая экономика
a Основная рубрика экономика
653 00 a Ключевые слова валовой внутренний продукт (ВВП)
a Ключевые слова внешнеэкономические связи
a Ключевые слова инфляция
a Ключевые слова производство
a Ключевые слова промышленность
a Ключевые слова Россия
a Ключевые слова Содружество Независимых Государств (СНГ)
a Ключевые слова социально-экономическое развитие
a Ключевые слова экономический спад
a Ключевые слова СССР
a Ключевые слова товарообмен
a Ключевые слова товарооборот
a Ключевые слова торгово-экономические связи
a Ключевые слова хозяйственная политика
a Ключевые слова экономическая интеграция
a Ключевые слова экономический кризис
a Ключевые слова экспорт
773 00 t Заглавие источника Российский экономический журнал
d Дата издания источника 1996
g Прочая информация № 2. - С. 3 - 10
w Контрольный № источника RU/IS/BASE/140876905
901 t Тип документа b